ইসলামে প্রধান ধর্মতাত্ত্বিক সম্প্রদায়সমূহের উদ্ভব ও বিকাশ : (Record no. 77781)
[ view plain ]
| 000 -LEADER | |
|---|---|
| fixed length control field | 01705nam a2200277 a 4500 |
| 001 - CONTROL NUMBER | |
| control field | 77781 |
| 003 - CONTROL NUMBER IDENTIFIER | |
| rucl marc code | BD-RjUL |
| 005 - DATE AND TIME OF LATEST TRANSACTION | |
| control field | 20211209083025.0 |
| 008 - FIXED-LENGTH DATA ELEMENTS--GENERAL INFORMATION | |
| fixed length control field | 210111s2008 bg ||||| m||| 00| 0 ben d |
| 035 ## - SYSTEM CONTROL NUMBER | |
| System control number | (BD-RjUL)78007 |
| 040 ## - CATALOGING SOURCE | |
| Original cataloging agency | BD-RjUL |
| Language of cataloging | ben/eng |
| Modifying agency | BD-RjUL |
| 041 ## - LANGUAGE CODE | |
| Language code of text/sound track or separate title | ben |
| 082 ## - DEWEY DECIMAL CLASSIFICATION NUMBER | |
| Classification number | 297.2 |
| Author mark and year | SHI 2008 |
| Edition number | 23 |
| 100 ## - MAIN ENTRY--PERSONAL NAME | |
| Personal name | শরীফ, মো. সাদী |
| 9 (RLIN) | 243494 |
| 245 10 - TITLE STATEMENT | |
| Title | ইসলামে প্রধান ধর্মতাত্ত্বিক সম্প্রদায়সমূহের উদ্ভব ও বিকাশ : |
| Remainder of title | একটি পর্যালোচনা / |
| Statement of responsibility, etc. | মোঃ সাদী শরীফ ; |
| Linkage | গবেষণা তত্ত্বাবধায়ক : এফ. এম. এ. এইচ. তাকী |
| 260 ## - PUBLICATION, DISTRIBUTION, ETC. (IMPRINT) | |
| Place of publication, distribution, etc. | রাজশাহী : |
| Name of publisher, distributor, etc. | ইসলামিক স্টাডিজ বিভাগ, রাজশাহী বিশ্ববিদ্যালয়, |
| Date of publication, distribution, etc. | ২০০৮ |
| 300 ## - PHYSICAL DESCRIPTION | |
| Pagination | viii, ২৯৫ পাতা ; |
| Size | ২৯ সেমি. |
| 502 ## - DISSERTATION NOTE | |
| Dissertation note | থিসিস (পিএইচ. ডি.) -- ইসলামিক স্টাডিজ বিভাগ, রাজশাহী বিশ্ববিদ্যালয়, ২০০৮ |
| 504 ## - BIBLIOGRAPHY, ETC. NOTE | |
| Bibliography, etc | গ্রন্থপঞ্জি : পাতা ২৮৭-২৯৫ |
| 650 ## - SUBJECT ADDED ENTRY--TOPICAL TERM | |
| Topical term or geographic name as entry element | ইসলাম |
| General subdivision | মতবাদ |
| -- | ইতিহাস |
| 9 (RLIN) | 243629 |
| Topical term or geographic name as entry element | Islam |
| General subdivision | Doctrines |
| -- | History |
| 9 (RLIN) | 243630 |
| Topical term or geographic name as entry element | ইসলাম |
| General subdivision | ধর্মতত্ত্ব |
| -- | ইতিহাস |
| 9 (RLIN) | 243631 |
| Topical term or geographic name as entry element | Islam |
| General subdivision | Theology |
| -- | History |
| 9 (RLIN) | 243632 |
| 700 ## - ADDED ENTRY--PERSONAL NAME | |
| Personal name | তাকী, এফ. এম. এ. এইচ. গবেষণা তত্ত্বাবধায়ক |
| 942 ## - ADDED ENTRY ELEMENTS (KOHA) | |
| Source of classification or shelving scheme | Dewey Decimal Classification |
| Koha item type | Theses |
| Lost status | Source of classification or shelving scheme | Damaged status | Not for loan | Collection code | Permanent Location | Current Location | Shelving location | Date acquired | Source of acquisition | Total Checkouts | Full call number | Date last seen | Copy number | Koha item type |
|---|---|---|---|---|---|---|---|---|---|---|---|---|---|---|
| Dewey Decimal Classification | Not For Loan | Theses | Central Library, University of Rajshahi | Central Library, University of Rajshahi | Documentation Section | 16/08/2009 | Controller of Exam., R.U. | BTHE 297.2 SHI 2008 | 11/01/2021 | C-1 | Theses |